[Event "KEN-ch"]
[Site "Nairobi"]
[Date "2022.12.26"]
[Round "2"]
[White "Mukabi, John"]
[Black "Ithagi, Kelvin"]
[Result "1/2-1/2"]
[WhiteElo "1743"]
[BlackElo "1500"]
[PlyCount "64"]
[EventDate "2022.12.26"]
[EventType "swiss"]
[EventRounds "9"]
[EventCountry "KEN"]
[SourceTitle "EXT 2024"]
[Source "ChessBase"]
[SourceDate "2023.10.10"]
[SourceVersion "1"]
[SourceVersionDate "2023.10.10"]
[SourceQuality "1"]

1. d4 d5 2. Nf3 Nc6 3. Bf4 f6 4. e3 Bg4 5. Bb5 a6 6. Bxc6+ bxc6 7. c4 e6 8. c5 Ne7 9. Nbd2 Ng6 10. Bg3 e5 11. Qa4 e4 12. h3 Bd7 13. Ng1 Be7 14. Ne2 0-0 15. Qa5 Ra7 16. 0-0 f5 17. Qc3 Bh4 18. f3 Bxg3 19. Nxg3 Qh4 20. Ne2 Raa8 21. f4 Rf6 22. Nb3 Qh5 23. Qe1 Nh4 24. Ng3 Qh6 25. Rc1 g5 26. Rc2 Rg6 27. Re2 Kh8 28. fxg5 Rxg5 29. Qf2 Rg6 30. Qf4 Rag8 31. Qxh6 Rxh6 32. Kh1 Rhg6 1/2-1/2